แสดงรายละเอียดบรรณานุกรม
  กลับหน้าหลัก

Brief Record : Get Marc (ISO 2709) : E-mail record : QR code ปิดหน้าต่าง
LEADER 00000nama 2200000uu 4500
008    040531s2538 th m m a000 0 tha d
020    974-632-504-3
041    tha
050    WJ146 พ642ก 2538
100    พิชัย บุณยะรัตเวช
245    การถ่ายปัสสาวะผิดปกติและการรักาา/พิชัย บุณยะรัตเวช 001
250    2
260    กรุงเทพฯ สำนักพิมพ์จุใาลงกรณืมหาวิทยาลัยล 2538
300    391 หน้า
650    การถ่ายปัสสสาวะผิดปกติ--การรักษา ปัสสาวะ,โรคระบบ--การรักษาชื่อเรื่อง
998    1999-01-06
รายการนี้ยังไม่มีแท็ก
คุณยังไม่ได้ล็อกอิน คุณสามารถมีกิจกรรมร่วมกับเว็บไซต์ได้ แต่ต้องล็อกอินก่อน ::
  ล็อกอิน
ลำดับที่ ประเภท เลขเรียก สถานที่ สถานะ
1. หนังสือทั่วไป
หนังสือทั่วไป
WJ146 พ642ก 2538  
  
หนังสือทั่วไป On Shelf
  ขอยืม
2. หนังสือทั่วไป
หนังสือทั่วไป
WJ146 พ642ก 2538  
  
หนังสือทั่วไป On Shelf
  ขอยืม
   [แสดง 2/2 รายการ]

รายการใกล้เคียง
    ผู้แต่ง [พิชัย บุณยะรัตเวช]

BibComment


ยังไม่เคยถูกคอมเมนท์

คอมเมนท์ทรัพยากรรายการนี้
  คอมเมนท์: การถ่ายปัสสาวะผิด..
Bib 180262

 
 
 

 Union Library Management : ULibM
Copyright 2026. All Rights Reserved.
скачать бесплатно без регистрации порно красивый секс HD Sex Hindi sex

xxx gou

xxxx

bfxxx

xxxwww

Секса Видео

xxxx

Секса Видео

detube

geilexxx

C99 Shell

worms shell

blod xxx video
Ebony Coed Rihanna Rimes Takes A Dick In Her Young Twat priyaa indian fuck anal and pusssy hardcore indian women xxx desi hardcore fucking part 1 bengalixxxcouple